=LDR 00000nam 2200000 4500 =001 INLIS000000000042917 =005 20131008015729 =008 ***********************************ind** =035 ##$$0010-101300000000839 =041 ##$$a ind =082 ##$$a 028.5 =090 ##$$a 028.5, Sim p =100 ##$$a Sinaga, Ratna T =245 ##$$a Pertanian, lift the flap book =260 ##$$a 33 cm $b Ilus =650 ##$$a Flap Book =850 ##$$a NBPNMAT